Ekonomický rast a sociálne zmeny bakalárska práca

Salvato in:
Dettagli Bibliografici
Autore principale: Zlatohlávková, Nikola
Ente Autore: Národohospodárska fakulta EU. Katedra hospodárskej politiky
Altri autori: Kubala, Jozef
Natura: Libro
Lingua:slovacco
Pubblicazione: Bratislava 2015
Tags: Aggiungi Tag
Nessun Tag, puoi essere il primo ad aggiungerne!!

MARC

LEADER 00000nbm a2200000 4500
001 0205074
005 20161212095014.3
041 0 |a slo 
044 |a SK 
245 1 0 |a Ekonomický rast a sociálne zmeny  |b bakalárska práca  |c Nikola Zlatohlávková ; školiteľ: Jozef Kubala 
264 1 |a Bratislava  |c 2015 
300 |a 52 s. 
100 1 |a Zlatohlávková, Nikola 
700 1 |a Kubala, Jozef 
710 2 |a Národohospodárska fakulta EU. Katedra hospodárskej politiky